<?xml version="1.0" encoding="UTF-8"?><?xml-stylesheet type="text/xsl" href="static/style.xsl"?><OAI-PMH xmlns="http://www.openarchives.org/OAI/2.0/" xmlns:xsi="http://www.w3.org/2001/XMLSchema-instance" xsi:schemaLocation="http://www.openarchives.org/OAI/2.0/ http://www.openarchives.org/OAI/2.0/OAI-PMH.xsd"><responseDate>2026-04-17T03:53:00Z</responseDate><request verb="GetRecord" identifier="oai:www.recercat.cat:2072/401638" metadataPrefix="marc">https://recercat.cat/oai/request</request><GetRecord><record><header><identifier>oai:recercat.cat:2072/401638</identifier><datestamp>2024-10-29T20:23:00Z</datestamp><setSpec>com_2072_98</setSpec><setSpec>col_2072_378192</setSpec></header><metadata><record xmlns="http://www.loc.gov/MARC21/slim" xmlns:dcterms="http://purl.org/dc/terms/" xmlns:xsi="http://www.w3.org/2001/XMLSchema-instance" xmlns:doc="http://www.lyncode.com/xoai" xsi:schemaLocation="http://www.loc.gov/MARC21/slim http://www.loc.gov/standards/marcxml/schema/MARC21slim.xsd">
   <leader>00925njm 22002777a 4500</leader>
   <datafield ind2=" " ind1=" " tag="042">
      <subfield code="a">dc</subfield>
   </datafield>
   <datafield ind2=" " ind1=" " tag="720">
      <subfield code="a">Rupérez, Miguel</subfield>
      <subfield code="e">author</subfield>
   </datafield>
   <datafield ind2=" " ind1=" " tag="260">
      <subfield code="c">2014</subfield>
   </datafield>
   <datafield ind2=" " ind1=" " tag="520">
      <subfield code="a">La cultura española gozaba desde finales de los años veinte de una fertilidad creativa extraordinaria -enmarcada dentro de las vanguardias históricas-, hasta el grado de que parte de la crítica cultural ya considera esta época la Edad de Plata, solo superada, al menos en perduración, por el Siglo de Oro, pues fue abruptamente interrumpida por el pronunciamiento militar del 17 de julio de 1936. Como consecuencia de la victoria franquista se produjo un éxodo masivo de artistas e intelectuales ...</subfield>
   </datafield>
   <datafield ind2=" " ind1=" " tag="520">
      <subfield code="a">Obra ressenyada: Nigel DENNIS y Emilio PERAL VEGA (eds.), Teatro de la Guerra Civil: el bando republicano. Madrid, Fundamentos, 2009.</subfield>
   </datafield>
   <datafield ind2="0" ind1="0" tag="245">
      <subfield code="a">Reseñas. Teatro de la Guerra Civil</subfield>
   </datafield>
</record></metadata></record></GetRecord></OAI-PMH>